| 000 | 00494 a2200169 4500 | ||
|---|---|---|---|
| 999 |
_c404 _d404 |
||
| 008 | 221018b ||||| |||| 00| 0 eng d | ||
| 020 | _a9788122436235 | ||
| 082 | 0 | 0 |
_a300.723 _bK872 |
| 100 | _aKothari, C. R. | ||
| 245 |
_aResearch methodology: methods and techniques / _cC.R. Kothari, and Gaurav Garg |
||
| 250 | _a3rd ed. | ||
| 260 |
_aNew Delhi: _bNew Age International, _c2017. |
||
| 300 | _axi, 449 p. | ||
| 650 | 0 | _aResearch Methodology | |
| 700 |
_95313 _aGarg, Gaurav |
||
| 942 |
_2ddc _cBK |
||